000 00403nam a22001697a 4500
005 20230606181335.0
008 230606b |||||||| |||| 00| 0 eng d
020 _a9780521689175
082 _a621.381
_bHOR-A
100 _aHorowitz Paul
245 _aThe Art of Electronics
250 _a2nd
260 _aIndia
_bCambridge
_c2012
650 _aEngineering
700 _apaul Horowitz
999 _c18611
_d18611